000 00683nam a2200217 a 4500
001 13457
003 BD-JhCC
005 20231003115123.0
008 231003b2021 ii a|||| ||a| 000 0 eng d
020 _a9789352769506
035 _a(BD-JhCC)13457
040 _aBD-JhCC
_dBD-JhCC
041 _aenglish
082 _a371.397
_bJAC 2021
100 _aUmstatter, Jack
245 _aBrain Games:
_bTo Improve Memory Activity Book 1-6 /
_cJack Umstatter.
260 _aIndia:
_bOM kidz;
_c2021.
300 _a90 p. :
_bill;
_c26 cm.
650 _aThought and thinking--Study and teaching (Elementary)
_xWord games
_yCreative activities and seat work
_zEducational games
942 _2ddc
_cBK
999 _c13457
_d13457